Технология вебинара как регистратора событий в жизни вуза; Открытое образование; № 3
| Parent link: | Открытое образование: научно-практический журнал № 3.— 2013.— [С. 52-56] |
|---|---|
| Egile nagusia: | |
| Egile korporatiboa: | , |
| Beste egile batzuk: | , |
| Gaia: | Заглавие с экрана В работе рассмотрены функциональные возможности программного обеспечения для проведения вебинаров в приложениях, способствующих использованию дистанционных аудиовизуальных технологий в образовательной и научно-методической деятельности вузов и её переводу в открытое информационное пространство Режим доступа: по договору с организацией-держателем ресурса |
| Hizkuntza: | errusiera |
| Argitaratua: |
2013
|
| Gaiak: | |
| Sarrera elektronikoa: | http://elibrary.ru/item.asp?id=19117968 |
| Formatua: | MixedMaterials Baliabide elektronikoa Liburu kapitulua |
| KOHA link: | https://koha.lib.tpu.ru/cgi-bin/koha/opac-detail.pl?biblionumber=636150 |
MARC
| LEADER | 00000nla0a2200000 4500 | ||
|---|---|---|---|
| 001 | 636150 | ||
| 005 | 20250313143205.0 | ||
| 035 | |a (RuTPU)RU\TPU\network\31 | ||
| 090 | |a 636150 | ||
| 100 | |a 20131009d2013 k||y0rusy50 ca | ||
| 101 | 0 | |a rus | |
| 102 | |a RU | ||
| 135 | |a drcn ---uucaa | ||
| 181 | 0 | |a i | |
| 182 | 0 | |a b | |
| 200 | 1 | |a Технология вебинара как регистратора событий в жизни вуза |f С. А. Горисев, И. В. Ряшенцев, В. А. Стародубцев | |
| 203 | |a Текст |c электронный | ||
| 300 | |a Заглавие с экрана | ||
| 330 | |a В работе рассмотрены функциональные возможности программного обеспечения для проведения вебинаров в приложениях, способствующих использованию дистанционных аудиовизуальных технологий в образовательной и научно-методической деятельности вузов и её переводу в открытое информационное пространство | ||
| 333 | |a Режим доступа: по договору с организацией-держателем ресурса | ||
| 461 | |t Открытое образование |o научно-практический журнал | ||
| 463 | |t № 3 |v [С. 52-56] |d 2013 | ||
| 610 | 1 | |a электронный ресурс | |
| 610 | 1 | |a труды учёных ТПУ | |
| 610 | 1 | |a дистанционно-образовательные технологии | |
| 610 | 1 | |a учебные среды | |
| 610 | 1 | |a вебинары | |
| 610 | 1 | |a технологии | |
| 610 | 1 | |a информационно-коммуникативные компетенции | |
| 700 | 1 | |a Горисев |b С. А. |c специалист в области информатики и вычислительной техники |c доцент Томского политехнического университа, кандидат технических наук |f 1956- |g Сергей Алексеевич |3 (RuTPU)RU\TPU\pers\25777 |9 11668 | |
| 701 | 1 | |a Ряшенцев |b И. В. |c специалист в области информатики и вычислительной техники |c старший преподаватель Томского политехнического университета |f 1965- |g Игорь Владимирович |3 (RuTPU)RU\TPU\pers\26853 |9 12472 | |
| 701 | 1 | |a Стародубцев |b В. А. |c физик |c профессор Томского политехнического университета, доктор педагогических наук |f 1943- |g Вячеслав Алексеевич |3 (RuTPU)RU\TPU\pers\26939 | |
| 712 | 0 | 2 | |a Национальный исследовательский Томский политехнический университет (ТПУ) |b Отдел информатизации образования (ОИО) |3 (RuTPU)RU\TPU\col\18988 |
| 712 | 0 | 2 | |a Национальный исследовательский Томский политехнический университет (ТПУ) |b Институт развития стратегического партнерства и компетенций (ИСПК) |b Кафедра инженерной педагогики (ИПед) |3 (RuTPU)RU\TPU\col\18906 |
| 801 | 2 | |a RU |b 63413507 |c 20161115 |g RCR | |
| 856 | 4 | |u http://elibrary.ru/item.asp?id=19117968 | |
| 942 | |c CF | ||